The Gothic enterprise : a guide to understanding the Medieval cathedral /

Bibliographic Details
Main Author: Scott, Robert A., 1935-
Corporate Author: NetLibrary, Inc
Format: eBook
Language:English
Published: Berkeley : University of California Press, [2003]
Subjects:
Online Access:Connect to the full text of this electronic book

MARC

Tag First Indicator Second Indicator Subfields
LEADER 00000cam a22000004a 4500
001 in00002007232
005 20220105141919.0
006 m d
007 cr cnu---unuuu
008 040727s2003 caua sb 001 0 eng d
020 |a 1417525622 (electronic bk.) 
035 |a (OCoLC)ocm56025393 
040 |a N$T  |c N$T  |d UtOrBLW 
049 |a IKMN 
050 1 4 |a NA440  |b .S425 2003eb 
082 0 4 |a 726.6/09/02  |2 22 
100 1 |a Scott, Robert A.,  |d 1935-  |0 http://id.loc.gov/authorities/names/n79034856 
245 1 4 |a The Gothic enterprise :  |b a guide to understanding the Medieval cathedral /  |c Robert A. Scott. 
264 1 |a Berkeley :  |b University of California Press,  |c [2003] 
264 4 |c ©2003 
300 |a xiv, 292 pages :  |b illustrations ;  |c 25 cm. 
336 |a text  |b txt  |2 rdacontent 
337 |a computer  |b c  |2 rdamedia 
338 |a online resource  |b cr  |2 rdacarrier 
504 |a Includes bibliographical references (pages 269-277) and index. 
505 0 |a Acknowledgments -- Introduction : a personal journey -- I. Grand undertaking -- What is the Gothic enterprise? ; How were the cathedrals built? -- II. History -- Kings, feudal lords, and great monasteries ; Age of cathedral-building ; Initial vision ; Cathedral crusade -- III. Gothic look -- What is the Gothic look? ; Image of heaven ; Pragmatic view of cathedral-building -- IV. Religious experience -- Sacred force and sacred space ; Imagining the cathedral ; Honoring the dead -- V. Gothic community -- Medieval living conditions ; Spiritual brokers--priests and monarchs ; Cathedrals and community -- Conclusion : Learning from Stonehenge. 
533 |a Electronic reproduction.  |b Boulder, Colo. :  |c NetLibrary,  |d 2004.  |n Available via World Wide Web.  |n Access may be limited to NetLibrary affiliated libraries. 
500 |a Electronic resource. 
650 0 |a Architecture, Gothic.  |0 http://id.loc.gov/authorities/subjects/sh85006792 
650 0 |a Cathedrals.  |0 http://id.loc.gov/authorities/subjects/sh85021018 
655 7 |a Electronic books.  |2 local 
710 2 |a NetLibrary, Inc.  |0 http://id.loc.gov/authorities/names/no99080690 
776 1 |c Original  |z 0520231775  |w (DLC) 2003007856  |w (OCoLC)51984827 
856 4 1 |u https://proxy.library.tamu.edu/login?url=http://www.netLibrary.com/urlapi.asp?action=summary&v=1&bookid=108554  |z Connect to the full text of this electronic book  |t 0 
994 |a 92  |b IKM 
999 |a MARS 
999 f f |s a825e78c-bd8e-30db-9d44-387739163cf7  |i fe48e935-6070-3597-b9bf-9d95dabf9e6f  |t 0 
952 f f |a Texas A&M University  |b College Station  |c Electronic Resources  |d Available Online  |t 0  |e NA440 .S425 2003eb  |h Library of Congress classification 
998 f f |a NA440 .S425 2003eb  |t 0  |l Available Online